<?xml version="1.0" encoding="UTF-8"?>
<marc:record xmlns:marc="http://www.loc.gov/MARC21/slim">
   <marc:leader>00000nam a2200000 a 4500</marc:leader>
   <marc:datafield ind1="1" ind2=" " tag="100">
      <marc:subfield code="a">Hines, Gregory</marc:subfield>
   </marc:datafield>
   <marc:datafield ind1="1" ind2=" " tag="100">
      <marc:subfield code="a">Lane, Diane</marc:subfield>
   </marc:datafield>
   <marc:datafield ind1="1" ind2=" " tag="100">
      <marc:subfield code="a">Gere, Richard</marc:subfield>
   </marc:datafield>
   <marc:datafield ind1="1" ind2=" " tag="100">
      <marc:subfield code="a">Coppola, Francis Ford</marc:subfield>
   </marc:datafield>
   <marc:datafield ind1="0" ind2="0" tag="245">
      <marc:subfield code="a">Cotton Club [Bildtonträger]</marc:subfield>
   </marc:datafield>
   <marc:datafield ind1="0" ind2="0" tag="245">
      <marc:subfield code="c">Regie: Francis Ford Coppola. Mit Richard Gere, Diane Lane, Gregory Hines ...</marc:subfield>
   </marc:datafield>
   <marc:datafield ind1=" " ind2="1" tag="264">
      <marc:subfield code="b">STUDIOCANAL</marc:subfield>
      <marc:subfield code="c">2003</marc:subfield>
   </marc:datafield>
   <marc:datafield ind1="1" ind2=" " tag="520">
      <marc:subfield code="a">DIn den "Roaring Twenties" ist der "Cotton Club" in Harlem einer der gefragtesten, aber auch skandalträchtigsten Jazz-Clubs New Yorks. Aber nicht nur der Rhythmus, sondern auch Prohibition und Wirtschaftskrise erhitzen die Gemüter. Gangster, Musiker, Polizei - die einen besuchen den Club, die anderen wiederum möchten ihn am liebsten schließen...</marc:subfield>
   </marc:datafield>
   <marc:datafield ind1=" " ind2=" " tag="500">
      <marc:subfield code="a">Orig. : USA 1984. Sprache: Deutsch (Dolby Digital 5.1), Italienisch (Dolby Digital 1.0), Englisch (Dolby Digital 5.1), Spanisch (Dolby Digital 2.0 Surround). Untertitel: Deutsch, Italienisch, Spanisch, Dänisch, Norwegisch, Englisch, Schwedisch, Portugiesi</marc:subfield>
   </marc:datafield>
   <marc:datafield ind1="0" ind2=" " tag="490">
      <marc:subfield code="v">0</marc:subfield>
   </marc:datafield>
   <marc:datafield ind1=" " ind2=" " tag="300">
      <marc:subfield code="a">1 DVD (128 Min.) : farbig</marc:subfield>
   </marc:datafield>
</marc:record>
